Paesi più vicini a Mauritius - Morte improvvisa - Statistics

Statistiche generali
  • Questo quiz è stato fatto 29 volte
  • Il punteggio medio è 6 su 15
Answers on the Grid
Answers color-coded by a green-red scale on the quiz's grid according to % correct below.
Seychelles
Madagascar
Comore
Mozambico
Tanzania
Somalia
Kenya
Maldive
Malawi
Zambia
Zimbabwe
Sudafrica
eSwatini
Botswana
Lesotho
Angola
Namibia
Repubblica Democratica del Congo
Repubblica del Congo
Uganda
Sud Sudan
Sudan
Etiopia
Eritrea
Gibuti
Repubblica Centrafricana
Camerun
Yemen
Oman
India
 
Statistiche sulle risposte
Risposta % Corretto
Madagascar
78%
Kenya
56%
Mozambico
56%
Comore
50%
Tanzania
50%
eSwatini
39%
Seychelles
39%
Lesotho
33%
Somalia
33%
Malawi
28%
Sudafrica
28%
Zimbabwe
28%
Botswana
22%
Zambia
22%
Maldive
17%
Nessun quiz corrispondente trovato
Distribuzione punteggi
Percentuale di utenti per punteggio
Percentile per numero di risposta
I tuoi punteggi nel tempo
Non hai fatto questo quiz